000 00944cam a22002531 4500
001 BD-DhSAU 5554
003 BD-DhSAU
005 20150416130213.0
008 070723s1935 -ukaef 001 0 eng
040 _aBD-DhSAU
082 _222
_a635.09172
_bTRO
100 1 _aMacmillan, Hugh Fraser.
245 1 0 _aTropical planting and gardening :
_bwith special reference to Ceylon /
_cby H.F. Macmillan
250 _a4th ed.
260 _aLondon :
_bMacmillan and co., limited ,
_c1935.
300 _ax, 560 p.:
_bill. ;
_c23 cm.
500 _aFirst and second editions (Colombo, 1910 and 1914) published under title: A handbook of tropical gardening and planting ... ; third edition (Colombo, 1925) under title: Tropical gardening and planting.
504 _aIncludes index
590 _aIMRAN
650 0 _aAgriculture
_xTropics.
650 3 _aTropics
_xAgriculture.
650 0 _aAgriculture
_zSri Lanka.
651 3 _aSri Lanka
_xAgriculture.
942 _2ddc
_cBOOK
999 _c5554
_d5554